David Copperfield; T2
保存先:
| 第一著者: | |
|---|---|
| フォーマット: | 図書 |
| 言語: | Undetermined |
| 出版事項: |
Đà Nẵng
Nxb. Đà Nẵng
2001
|
| 主題: | |
| タグ: |
タグ追加
タグなし, このレコードへの初めてのタグを付けませんか!
|
| Thư viện lưu trữ: | Trung tâm Học liệu Trường Đại học Cần Thơ |
|---|
| LEADER | 00519nam a2200169Ia 4500 | ||
|---|---|---|---|
| 001 | CTU_40623 | ||
| 008 | 210402s9999 xx 000 0 und d | ||
| 082 | |a 823.8 | ||
| 082 | |b D548d/T2 | ||
| 100 | |a Charles Dickens | ||
| 245 | 0 | |a David Copperfield; T2 | |
| 245 | 0 | |c Charles Dickens, Nhữ Thành | |
| 260 | |a Đà Nẵng | ||
| 260 | |b Nxb. Đà Nẵng | ||
| 260 | |c 2001 | ||
| 650 | |a english fiction ( vietnamese ),english literature - 19th century | ||
| 980 | |a Trung tâm Học liệu Trường Đại học Cần Thơ | ||